000 00518nam a2200169Ia 4500
003 IN-BaIIA
008 211028s9999 xx 000 0 eng d
020 _a978-0-691-14833-5
040 _cIIA Library
080 _a[8]:01:00
_bHOS
100 _aHoskin, Michael
_912641
245 0 _aDiscoverers of the universe
_bWilliam and Caroline Herschel
_cMichael Hoskin
260 _aNew Jersey
_bPrinceton University Press
_c2011
300 _axvi, 237p.
650 _aAstronomers-Great Britian-Biography
_934839
942 _cBK
999 _c18209
_d18209